000 00473nam a2200181Ia 4500
001 23493
005 20260414150941.0
008 260414t2015||||xx |||||||||||||| ||spa||
041 _aESP
082 _a650.13
_bA92
100 _aÁvila, Santiago
_eAUT
245 0 _aAprendiendo a liderar :
_bel mundo no hay que entenderlo, hay que sentirlo
260 _c2015
300 _axxv, 268 páginas :
_c24 cm.
650 _aGEN
654 _aCCO
942 _cLIB
_dJUS
_fJUS
_2ddc
_n
999 _c23493
_d23493